Life in a Haitian valley /

Bibliographic Details
Main Author: Herskovits, Melville J. (Melville Jean), 1895-1963
Other Authors: Mintz, Sidney Wilfred, 1922-
Format: Book
Language:English
Published: Princeton, N.J. : Markus Wiener Publishers, [2007]
Edition:1st Markus Wiener publishers ed.
Subjects:

MARC

Tag First Indicator Second Indicator Subfields
LEADER 00000cam a2200000 a 4500
001 in00002433821
005 20151109211542.0
008 070815s2007 nju b 001 0 eng
010 |a  2007033261 
020 |a 9781558764552 (pbk.) 
020 |a 1558764550 (pbk.) 
035 |a (OCoLC)ocn165478400 
040 |a DLC  |c DLC  |d UtOrBLW 
043 |a nwht--- 
049 |a TXAM 
050 0 0 |a F1927  |b .H4 2007 
082 0 0 |a 972.94  |2 22 
100 1 |a Herskovits, Melville J.  |q (Melville Jean),  |d 1895-1963. 
245 1 0 |a Life in a Haitian valley /  |c Melville J. Herskovits ; with an introduction by Sidney W. Mintz. 
250 |a 1st Markus Wiener publishers ed. 
264 1 |a Princeton, N.J. :  |b Markus Wiener Publishers,  |c [2007] 
264 4 |c ©2007 
300 |a xiv pages ;  |c 23 cm. 
336 |a text  |b txt  |2 rdacontent 
337 |a unmediated  |b n  |2 rdamedia 
338 |a volume  |b nc  |2 rdacarrier 
500 |a Originally published: New York ; London : A.A. Knopf, 1937. 
504 |a Includes bibliographical references and index. 
505 0 |a The African heritage -- What the slaves found in Haiti -- Working the amalgam -- The setting of Haitian life -- Birth, childhood, and adolescence -- Mating and marriage -- Property, wealth, and the family -- What is "voodoo"? -- Vodun worship : the service -- Vodun worship : the dance -- The cult of twins and of the dead -- Magic, good and bad -- Africa and Europe in Haitian life -- Catholicism and vodun -- Some wider implications. 
651 0 |a Haiti  |x Social life and customs. 
650 0 |a Vodou. 
650 0 |a Magic  |z Haiti. 
651 0 |a Mirebalais (Haiti) 
700 1 |a Mintz, Sidney Wilfred,  |d 1922- 
945 |a PromptCat 
946 |a stk 
947 |a A14837404931 
948 |a cataloged  |b h  |c 2008/12/12  |d c  |e dmitchel  |f 1:30:20 pm 
994 |a 92  |b TXA 
999 |a MARS 
999 f f |s ad43c57d-0360-32e8-9112-5f38f95af98b  |i 2b71110d-43f6-3e60-a431-9ea5e4629da2  |t 0 
952 f f |p normal  |a Texas A&M University  |b College Station  |c Sterling C. Evans Library  |d Evans: Library Stacks  |t 0  |e F1927 .H4 2007  |h Library of Congress classification  |i unmediated -- volume  |m A14837404931 
998 f f |a F1927 .H4 2007  |t 0  |l Evans: Library Stacks